LEADER 02249nam0 2200385 i 450 001 BVEE062225 005 20170908093232.0 012 $a19s: o:.9 elus digl (3) 1537 (A)$2fei 100 $a20140324d1537 ||||0itac50 ba 101 | $alat 102 $ait 181 1$6z01$ai $bxxxe 182 1$6z01$an 200 1 $aVidebis lector: hoc in volumine statuta veneta emendatissima. Eisdem de nouo additis correctionibus in creatione serenissimorum principum vltimi Barbadici: Lauretani: Grimani: & inclyti Andreae griti. Cum practica iudiciali necessaria 210 $eStampata in Venetia$gper Bernardino benalio & compagno$h1537. adi. 15. Mazo °|! 215 $a°32!, 192, 11, °1! c.$d8º 300 $aGot 300 $aSegn.: ✝⁸ A-2D⁸ ²✝¹² 300 $aIniziali xil 300 $aPrologo e testo stampati in rosso e nero 300 $aFront. entro cornice xil. 316 $a1 v.$5IT-NA0079, STATUTI 495 316 $a1 v.$5IT-NA0079, STATUTI 495 517 1 $aStatuta veneta emendatissima. ...$9BVEE062226 710 02$aVenezia$c $3CFIV016774$4070$032791 712 02$aBenali, Bernardino & compagno$3BVEV116636$4650 801 3$aIT$bIT-NA0079$c20140324 850 $aIT-NA0079 899 1$aBiblioteca Nazionale Vittorio Emanuele III$bNA0079$42 esemplari$eS$uhttp://books.google.com/books?vid=IBNN:BN001407945 | http://books.google.com/books?vid=IBNN:BN001407944 912 $aBVEE062225 950 0$aBiblioteca Nazionale Vittorio Emanuele III$c1 v.$d BNSTATUTI 495$e BN 0014079445G B 1 v.$fC $h20140324$i20140324$c1 v.$d BNSTATUTI 496$e BN 0014079455G B 1 v.$fC $h20140324$i20140324 956 $aBiblioteca Nazionale Vittorio Emanuele III$b1$c $d $eBN 001407944$uhttp://books.google.com/books?vid=IBNN:BN001407944$z BNSTATUTI 495$b1$c $d $eBN 001407945$uhttp://books.google.com/books?vid=IBNN:BN001407945$z BNSTATUTI 496 977 $a BN 996 $aVidebis lector: hoc in volumine statuta veneta emendatissima. Eisdem de nouo additis correctionibus in creatione serenissimorum principum vltimi Barbadici: Lauretani: Grimani: & inclyti Andreae griti. Cum practica iudiciali necessaria$91482454 997 $aUNISANNIO LEADER 01592nam 2200421Ka 450 001 9910697913903321 005 20111006142218.0 035 $a(CKB)5470000002393858 035 $a(OCoLC)299755849 035 $a(EXLCZ)995470000002393858 100 $a20090127d1989 ua 0 101 0 $aeng 181 $ctxt$2rdacontent 182 $cc$2rdamedia 183 $acr$2rdacarrier 200 10$aCalculation of reattaching shear layers in divergent channel with a multiple-time-scale turbulence model$b[electronic resource] /$fS.-W. Kim 210 1$a[Washington, D.C.] :$cNational Aeronautics and Space Administration ;$aCleveland, Ohio :$cLewis Research Center, Institute for Computational Mechanics in Propulsion,$d[1989] 215 $a25 pages $cdigital, PDF file 225 1 $aNASA technical memorandum ;$v102293 300 $aTitle from title screen (Viewed Jan. 26, 2009) 606 $aChannel flow$2nasat 606 $aReattached flow$2nasat 606 $aShear layers$2nasat 606 $aTurbulence models$2nasat 606 $aTurbulent flow$2nasat 615 7$aChannel flow. 615 7$aReattached flow. 615 7$aShear layers. 615 7$aTurbulence models. 615 7$aTurbulent flow. 700 $aKim$b S. W$01416303 712 02$aLewis Research Center.$bInstitute for Computational Mechanics in Propulsion. 801 0$bGPO 801 1$bGPO 906 $aBOOK 912 $a9910697913903321 996 $aCalculation of reattaching shear layers in divergent channel with a multiple-time-scale turbulence model$93521222 997 $aUNINA